000 00641nam a2200205 a 4500
005 20140310183150.0
008 020821s19uu xx 00 eng d
020 _a081447120x
050 _aHD 66
_b.P348 2001
100 _aParker, Glenn M.
245 _aTeam workout :
_ba trainer's sourcebook of 50 team building games and activities /
_cGlenn M. Parker.
260 _aNew York :
_bAMACOM,
_c2001.
300 _av, 346 p. :
_bill. ;
_c28 cm.
521 _aBSBA
650 _ateams in the workplace
_xproblems, exercises, etc.
650 _aGroup games
650 _aGroup relations training
942 _cBK
_2lcc
_kFOR
999 _c19642
_d19642